[Event "World Rapid 2017"]
[Site "Riyadh KSA"]
[Date "2017.12.27"]
[Round "8.11"]
[White "Jobava, Baadur"]
[Black "Le, Quang Liem"]
[Result "1-0"]
[WhiteTitle "GM"]
[BlackTitle "GM"]
[WhiteElo "2690"]
[BlackElo "2737"]
[WhiteFideId "13601520"]
[BlackFideId "12401137"]
[EventDate "2017.12.26"]

1. d4 Nf6 2. Nc3 d5 3. Bf4 e6 4. Nb5 Na6 5. e3 c6 6. Nc3 Nc7 7. Nf3 Bd6 8. Ne5
O-O 9. Qf3 c5 10. O-O-O c4 11. g4 b5 12. g5 Nfe8 13. h4 f6 14. gxf6 Nxf6 15. Rg1
b4 16. Na4 Bd7 17. Nc5 Be8 18. Nb7 Qe7 19. Nxd6 Qxd6 20. Rxg7+ Kxg7 21. Qg2+ Bg6
22. Nxg6 Qa6 23. Ne5+ Kh8 24. Bxc4 Qb7 25. Bh6 1-0

[Event "World Rapid 2017"]
[Site "Riyadh KSA"]
[Date "2017.12.27"]
[Round "8.12"]
[White "Riazantsev, Alexander"]
[Black "Leko, Peter"]
[Result "1/2-1/2"]
[WhiteTitle "GM"]
[BlackTitle "GM"]
[WhiteElo "2650"]
[BlackElo "2691"]
[WhiteFideId "4125029"]
[BlackFideId "703303"]
[EventDate "2017.12.26"]

1. d4 Nf6 2. c4 e6 3. Nf3 d5 4. Nc3 Bb4 5. e3 O-O 6. Bd2 b6 7. Rc1 Be7 8. cxd5
exd5 9. Be2 c5 10. O-O Bb7 11. Be1 Nbd7 12. Ne5 Nxe5 13. dxe5 Ne4 14. f4 Nxc3
15. Bxc3 f6 16. Bd3 fxe5 17. Bxe5 Qe8 18. Qc2 g6 19. e4 Bf6 20. Bxf6 Rxf6 21. e5
Rf7 22. Rce1 Qe7 23. f5 gxf5 1/2-1/2

[Event "World Rapid 2017"]
[Site "Riyadh KSA"]
[Date "2017.12.27"]
[Round "8.13"]
[White "Guseinov, Gadir"]
[Black "Dreev, Aleksey"]
[Result "0-1"]
[WhiteTitle "GM"]
[BlackTitle "GM"]
[WhiteElo "2646"]
[BlackElo "2653"]
[WhiteFideId "13401378"]
[BlackFideId "4100107"]
[EventDate "2017.12.26"]

1. e4 c6 2. d4 d5 3. Nd2 dxe4 4. Nxe4 Bf5 5. Ng3 Bg6 6. h4 h6 7. Nf3 e6 8. Ne5
Bh7 9. Bd3 Bxd3 10. Qxd3 Nd7 11. Bf4 Qa5+ 12. c3 Ngf6 13. O-O Nxe5 14. dxe5 Nd5
15. Bd2 Qc7 16. c4 Ne7 17. Bc3 h5 18. Rad1 Ng6 19. Ne4 Nxh4 20. Nd6+ Bxd6 21.
exd6 Qd7 22. Bxg7 Rg8 23. Bf6 Nf5 24. Rfe1 Kf8 25. Qh3 Rg6 26. Bc3 c5 27. Re5
Qc6 28. f3 Rd8 29. Qxh5 Rxd6 30. Rde1 Nd4 31. Rxc5 Nxf3+ 32. Kh1 Qxc5 0-1

[Event "World Rapid 2017"]
[Site "Riyadh KSA"]
[Date "2017.12.27"]
[Round "8.14"]
[White "Wang, Yue"]
[Black "Saric, Ivan"]
[Result "0-1"]
[WhiteTitle "GM"]
[BlackTitle "GM"]
[WhiteElo "2690"]
[BlackElo "2669"]
[WhiteFideId "8601429"]
[BlackFideId "14508150"]
[EventDate "2017.12.26"]

1. d4 Nf6 2. c4 g6 3. Nc3 Bg7 4. e4 d6 5. h3 O-O 6. Nf3 e5 7. dxe5 dxe5 8. Qxd8
Rxd8 9. Bg5 Na6 10. Nd5 Rd6 11. Bxf6 Bxf6 12. Rc1 b6 13. b4 c6 14. Nxf6+ Rxf6
15. a3 c5 16. b5 Nc7 17. Rd1 a6 18. Rd8+ Kg7 19. bxa6 Bxa6 20. Rxa8 Nxa8 21. Be2
Nc7 22. Kd2 Rd6+ 23. Ke3 Kf6 24. Rb1 Ne6 25. g3 g5 26. h4 g4 27. Nd2 Nd4 28. Rc1
Bc8 29. Nb1 Be6 30. Bd3 Rd8 31. Nc3 Ra8 32. a4 Ke7 33. Rb1 Ra6 34. Rb2 h5 35.
Bf1 Kd6 36. Kd3 Kc7 37. Be2 Ra8 38. Bd1 Ra6 39. Nd5+ Bxd5 40. cxd5 Kd6 41. Kc4
Kc7 42. Kd3 Kd6 43. Kc4 Kc7 44. Kd3 0-1

[Event "World Rapid 2017"]
[Site "Riyadh KSA"]
[Date "2017.12.27"]
[Round "8.15"]
[White "Bu, Xiangzhi"]
[Black "McShane, Luke J"]
[Result "1/2-1/2"]
[WhiteTitle "GM"]
[BlackTitle "GM"]
[WhiteElo "2730"]
[BlackElo "2640"]
[WhiteFideId "8601445"]
[BlackFideId "404853"]
[EventDate "2017.12.26"]

1. Nf3 Nf6 2. c4 c5 3. Nc3 g6 4. e4 Nc6 5. d4 cxd4 6. Nxd4 Nxd4 7. Qxd4 d6 8.
Bg5 Bg7 9. Qd2 O-O 10. Be2 Be6 11. Rc1 a6 12. f3 b5 13. cxb5 axb5 14. a3 d5 15.
e5 Nd7 16. Nxd5 Bxd5 17. Qxd5 Nxe5 18. Qxd8 Rfxd8 19. Bxb5 Rd5 20. Be2 Nd3+ 21.
Bxd3 Rxd3 22. Rc2 Rb3 23. Ke2 Rxb2 24. Rxb2 Bxb2 25. Rb1 Bxa3 26. Ra1 Ra5 27.
Bd2 Re5+ 28. Kd1 Bb2 29. Ra8+ Kg7 30. Rb8 Ba1 31. Ra8 Bb2 32. Rb8 Bd4 33. Rd8
Bb6 34. Bc3 Bxd8 35. Bxe5+ f6 36. Bc3 Bc7 37. h3 Kf7 38. Ke2 Ke6 39. Kd3 Kd5 40.
g4 Be5 41. Bd2 Bd4 42. Bf4 Bc5 43. Bg3 Ke6 44. Ke4 f5+ 45. Kd3 Bd6 46. Be1 fxg4
47. fxg4 Ke5 48. Bg3+ Kd5 49. Be1 Bc5 50. Bg3 Bd4 51. Be1 Bc5 52. Bg3 Bd6 53.
Be1 Bf4 54. Bc3 e6 55. Be1 Ke5 56. Bc3+ Kd5 57. Be1 e5 58. Bc3 e4+ 59. Ke2 Kc4
60. Bf6 Kd5 61. Bc3 Be5 62. Bd2 Bd4 63. Bf4 Ke6 64. Bg5 Ke5 65. Bd2 Bg1 66. Bg5
Bh2 67. Bd8 Kd5 68. Bf6 Bf4 69. Bc3 Ke6 70. Bd4 Ke7 71. Bc3 Kf7 72. Bd4 g5 73.
Bc3 Kg6 74. Bd4 h5 75. Bb6 h4 76. Bd8 Kf7 77. Kf2 Ke6 78. Ke2 Ke5 79. Bc7+ Kd5
80. Bd8 Kd4 81. Bb6+ Kd5 82. Bd8 Ke5 1/2-1/2

[Event "World Rapid 2017"]
[Site "Riyadh KSA"]
[Date "2017.12.27"]
[Round "8.16"]
[White "Khismatullin, Denis"]
[Black "Bosiocic, Marin"]
[Result "0-1"]
[WhiteTitle "GM"]
[BlackTitle "GM"]
[WhiteElo "2632"]
[BlackElo "2624"]
[WhiteFideId "4142578"]
[BlackFideId "14507927"]
[EventDate "2017.12.26"]

1. Nf3 d5 2. e3 Nf6 3. c4 e6 4. b3 Bd6 5. Bb2 O-O 6. Nc3 a6 7. g4 c5 8. g5 Ne4
9. cxd5 Nxc3 10. dxc3 b5 11. c4 Bc7 12. Bg2 Ba5+ 13. Ke2 bxc4 14. bxc4 exd5 15.
cxd5 Qb6 16. Qb3 Bb4 17. Ne5 a5 18. Be4 Ba6+ 19. Kf3 a4 20. Qc2 f5 21. Bd3 a3
22. Bc3 Qd6 23. Rhd1 Qxd5+ 24. Kg3 Qe6 25. Rac1 Bxd3 26. Nxd3 Na6 27. Nf4 Qf7
28. Ba1 Ba5 29. h4 Bc7 30. Qc3 Rfe8 31. Rd2 Re7 32. Qxa3 Qh5 33. f3 Rae8 34.
Qxa6 Rxe3 35. Qc4+ Kh8 36. Rf1 R8e4 37. Qxc5 Qg4+ 38. Kf2 Rxf3# 0-1

[Event "World Rapid 2017"]
[Site "Riyadh KSA"]
[Date "2017.12.27"]
[Round "8.18"]
[White "Aronian, Levon"]
[Black "Kasimdzhanov, Rustam"]
[Result "1/2-1/2"]
[WhiteTitle "GM"]
[BlackTitle "GM"]
[WhiteElo "2805"]
[BlackElo "2683"]
[WhiteFideId "13300474"]
[BlackFideId "14200244"]
[EventDate "2017.12.26"]

1. c4 Nf6 2. d4 e6 3. Nf3 d5 4. g3 Be7 5. Bg2 O-O 6. O-O dxc4 7. Qc2 a6 8. a4
Bd7 9. Qxc4 Bc6 10. Bg5 h6 11. Bxf6 Bxf6 12. Nc3 Bxf3 13. Bxf3 Qxd4 14. Qxd4
Bxd4 15. Bxb7 Ra7 16. Bg2 Nd7 17. Rfd1 c5 18. e3 Bf6 19. Rab1 Rb8 20. Ne4 Bxb2
21. Rd2 Be5 22. Rbd1 Nf6 23. Nxc5 a5 24. Rd8+ Kh7 25. Rxb8 Bxb8 26. Nb7 Bc7 27.
Rc1 Ne8 28. Kf1 Kg8 29. Rd1 Ra6 30. Rc1 Kf8 31. Nc5 Ra7 32. Nb3 e5 33. Nc5 Bd6
34. Nb7 Bc7 35. Rc5 Ke7 36. Ke2 Ra6 37. Bc6 Ra7 38. Bd5 Bb6 39. Rc2 Nd6 40. Nxd6
Kxd6 41. e4 Bc5 42. f4 f6 43. Kf3 Rc7 44. Kg4 Bd4 45. Rxc7 Kxc7 46. Kf5 Bg1 47.
h3 Bf2 48. fxe5 fxe5 49. g4 Bh4 50. Kxe5 Kd7 51. Kf5 1/2-1/2

[Event "World Rapid 2017"]
[Site "Riyadh KSA"]
[Date "2017.12.27"]
[Round "8.19"]
[White "Duda, Jan-Krzysztof"]
[Black "Korobov, Anton"]
[Result "0-1"]
[WhiteTitle "GM"]
[BlackTitle "GM"]
[WhiteElo "2717"]
[BlackElo "2652"]
[WhiteFideId "1170546"]
[BlackFideId "14105730"]
[EventDate "2017.12.26"]

1. d4 Nf6 2. c4 e6 3. Nf3 b6 4. a3 Ba6 5. Qc2 Bb7 6. Nc3 c5 7. e4 cxd4 8. Nxd4
Bc5 9. Nf3 Ng4 10. Nd1 Qf6 11. Rb1 Qg6 12. Bd3 Nf6 13. Ng5 Ng4 14. b4 Be7 15. h4
Nc6 16. Ne3 Nge5 17. Nf3 Nd4 18. Nxe5 Nxc2+ 19. Bxc2 Qh5 20. Bb2 f5 21. exf5 O-O
22. Nxd7 exf5 23. Nxf8 Rxf8 24. Rd1 f4 25. Nd5 Bxh4 26. Kd2 Qg5 27. f3 Bxd5 28.
cxd5 Qxg2+ 0-1

[Event "World Rapid 2017"]
[Site "Riyadh KSA"]
[Date "2017.12.27"]
[Round "8.20"]
[White "Yu, Yangyi"]
[Black "Alekseev, Evgeny"]
[Result "1-0"]
[WhiteTitle "GM"]
[BlackTitle "GM"]
[WhiteElo "2751"]
[BlackElo "2616"]
[WhiteFideId "8603820"]
[BlackFideId "4138147"]
[EventDate "2017.12.26"]

1. d4 Nf6 2. c4 e6 3. Nc3 Bb4 4. Nf3 b6 5. Qc2 Bb7 6. a3 Bxc3+ 7. Qxc3 O-O 8. e3
d6 9. Be2 Ne4 10. Qc2 Nd7 11. O-O f5 12. Ne1 c5 13. f3 Ng5 14. b3 Qe7 15. Bb2
cxd4 16. exd4 e5 17. Rd1 Rae8 18. dxe5 dxe5 19. b4 f4 20. c5 bxc5 21. Bb5 Rd8
22. Qc4+ Nf7 23. Nd3 cxb4 24. axb4 a6 25. Bxd7 Qxd7 26. Bxe5 Bc6 27. Bb2 Qa7+
28. Nc5 Bb5 29. Qc3 Nd6 30. Rfe1 Nc4 31. Rxd8 Rxd8 32. Qxg7+ Qxg7 33. Bxg7 Ne3
34. Bh6 Rd2 35. Kh1 Bf1 36. Bxf4 Bxg2+ 1-0

[Event "World Rapid 2017"]
[Site "Riyadh KSA"]
[Date "2017.12.27"]
[Round "8.22"]
[White "Van Foreest, Jorden"]
[Black "Sjugirov, Sanan"]
[Result "1/2-1/2"]
[WhiteTitle "GM"]
[BlackTitle "GM"]
[WhiteElo "2629"]
[BlackElo "2650"]
[WhiteFideId "1039784"]
[BlackFideId "4189302"]
[EventDate "2017.12.26"]

1. e4 e5 2. Nf3 Nc6 3. Bc4 Bc5 4. c3 Nf6 5. d3 O-O 6. O-O a6 7. a4 d6 8. Bg5 h6
9. Bh4 g5 10. Bg3 Bg4 11. b4 Ba7 12. Na3 Nh5 13. Nc2 Qf6 14. Ne3 Bxf3 15. Qxf3
Qxf3 16. gxf3 Ne7 17. Rfd1 Kg7 18. d4 exd4 19. cxd4 f5 20. exf5 Nxf5 21. Nxf5+
Rxf5 22. Be6 Nxg3 23. hxg3 Rxf3 24. Bd5 Rc3 25. Bxb7 Rb8 26. Bxa6 Rxb4 27. Kg2
Rxd4 28. Rxd4 Bxd4 29. Ra2 Rc5 30. a5 Bc3 31. Rc2 Rxa5 32. Rxc3 Rxa6 33. Rxc7+
Kf6 34. Rh7 Kg6 35. Re7 Kf5 36. Kf3 d5 37. g4+ Kf6 38. Re8 Re6 39. Rd8 Ke5 40.
Ke3 Ra6 41. Re8+ Kd6 42. Rh8 Kc5 43. Kd3 Ra3+ 44. Ke2 Ra2+ 45. Ke3 Ra3+ 46. Ke2
Ra2+ 47. Ke3 d4+ 48. Kf3 Ra6 49. Ke4 Re6+ 50. Kd3 Rf6 51. Rc8+ Kd5 52. Ke2 Ke5
53. Re8+ Kf4 54. Rd8 Re6+ 55. Kf1 Ke4 56. Ke2 Ra6 57. f3+ Ke5 58. Rf8 Ra2+ 59.
Kd3 Ra3+ 60. Kd2 Ke6 61. Rf5 Rb3 62. Rf8 Ke7 63. Rf5 Ra3 64. Rd5 Rxf3 65. Rxd4
Ke6 66. Ke2 Rf4 67. Ke3 Rf1 68. Ra4 Kd5 69. Ra5+ Kc4 70. Ra6 Rh1 71. Rd6 Kc5 72.
Rd8 Rh3+ 73. Kf2 Kc4 74. Kg2 Rd3 75. Rh8 Rd6 76. Kg3 Kd3 77. Re8 Kd2 78. Re7
Rd3+ 79. Kf2 Rd4 80. Kg3 Rd3+ 81. Kf2 1/2-1/2

[Event "World Rapid 2017"]
[Site "Riyadh KSA"]
[Date "2017.12.27"]
[Round "8.23"]
[White "Ni, Hua"]
[Black "Petrosian, Tigran L."]
[Result "1/2-1/2"]
[WhiteTitle "GM"]
[BlackTitle "GM"]
[WhiteElo "2671"]
[BlackElo "2601"]
[WhiteFideId "8601160"]
[BlackFideId "13301616"]
[EventDate "2017.12.26"]

1. d4 g6 2. c4 Bg7 3. Nc3 d6 4. e4 Nf6 5. Be2 O-O 6. Bg5 c6 7. Nf3 Nbd7 8. O-O
e5 9. Qd2 Re8 10. d5 Nc5 11. Qc2 a5 12. Rfd1 Qc7 13. Nd2 h6 14. Be3 Ng4 15. Bxg4
Bxg4 16. f3 Bd7 17. a3 Na6 18. Rab1 c5 19. g4 Qd8 20. Nf1 Rf8 21. Ng3 Qe8 22. h4
b5 23. cxb5 Bxb5 24. Qd2 Kh7 25. h5 Bd7 26. Kg2 g5 27. Nf5 Bxf5 28. exf5 f6 29.
Ne4 Qd8 30. Qe1 Qb6 31. b3 Rfb8 32. Qe2 Qd8 33. Qc4 Nc7 34. Nc3 Na6 35. Rb2 Bf8
36. Rdb1 Be7 37. Ne4 Qd7 38. Bd2 Qb5 39. Qxb5 Rxb5 40. a4 Rb4 41. Bxb4 Nxb4 42.
Rd2 Kg7 43. Kf2 Kf7 44. Ke2 Ke8 45. Rc1 Kd7 46. Rc4 Na6 47. Rd1 Rb8 48. Rc3 Nb4
49. Rc4 Na6 50. Rd3 Nb4 51. Rd2 Na6 52. Rc3 Nb4 53. Kd1 Bd8 54. Re3 Na6 55. Kc2
Rb4 56. Rc3 Rd4 57. Rxd4 exd4 58. Rc4 Nc7 59. Kd2 Nxd5 60. Rc1 Be7 61. Nf2 Ne3
62. Nd1 Nd5 63. Nb2 Bd8 64. Re1 Nf4 65. Nd3 Nd5 66. Re6 Nc7 67. Re1 Nd5 68. Nb2
Nf4 69. Nd3 Nd5 70. Re6 Nc7 71. Re2 Nd5 72. Nb2 Nf4 73. Re1 Nd5 74. Nc4 Nf4 75.
Nb2 Nd5 76. Nd3 Ne3 77. Nf2 d5 78. Nd1 Bc7 79. Nxe3 Bf4 80. Kd3 dxe3 81. Rc1 Kc6
82. Rc2 Kb6 83. Rc1 Kc6 84. Rc2 Kb6 85. Rc1 Kc6 1/2-1/2

[Event "World Rapid 2017"]
[Site "Riyadh KSA"]
[Date "2017.12.27"]
[Round "8.24"]
[White "Amonatov, Farrukh"]
[Black "Kokarev, Dmitry"]
[Result "1-0"]
[WhiteTitle "GM"]
[BlackTitle "GM"]
[WhiteElo "2636"]
[BlackElo "2615"]
[WhiteFideId "14700077"]
[BlackFideId "4132181"]
[EventDate "2017.12.26"]

1. e4 c5 2. Nc3 d6 3. f4 g6 4. Nf3 Bg7 5. Bb5+ Bd7 6. a4 Nc6 7. O-O e6 8. Bxc6
Bxc6 9. Kh1 Nf6 10. d3 O-O 11. Be3 b6 12. Qe1 d5 13. e5 d4 14. exf6 Bxf6 15. Ne5
Bb7 16. Bd2 dxc3 17. Bxc3 Rc8 18. Ng4 Bd4 19. Qg3 f6 20. Rae1 Rc6 21. Re2 Kh8
22. Rfe1 Bc8 23. Qh4 f5 24. Qxd8 Rxd8 25. Ne5 Bxe5 26. Rxe5 Kg8 27. b3 Kf7 28.
h3 Rd5 29. R5e3 a6 30. g4 b5 31. axb5 axb5 32. Be5 Ra6 33. Kh2 Ra2 34. R1e2 Bb7
35. Kg3 Rd7 36. Kh4 h6 37. Bc3 Bd5 38. gxf5 exf5 39. Re8 Rxc2 40. Rxc2 Kxe8 41.
b4 cxb4 42. Bxb4 Be6 43. Rc8+ Rd8 44. Rxd8+ Kxd8 45. Bf8 Ke8 46. Bb4 Bb3 47. Kg3
Bc2 48. d4 Be4 49. h4 Kf7 50. Kf2 Ke6 51. Ke3 Kd5 52. Bf8 Kc4 53. d5 h5 54. d6
Bc6 55. Bg7 b4 56. Be5 Ba4 57. Kd2 Kd5 58. Ke3 Bb5 59. Bg7 b3 60. Be5 Kc4 61.
Bb2 Kc5 62. d7 Bxd7 63. Kd3 Bb5+ 64. Kd2 g5 65. fxg5 Be8 66. Ke3 Bg6 67. Ba1 1-0

[Event "World Rapid 2017"]
[Site "Riyadh KSA"]
[Date "2017.12.27"]
[Round "8.25"]
[White "Amin, Bassem"]
[Black "Zhigalko, Sergei"]
[Result "1/2-1/2"]
[WhiteTitle "GM"]
[BlackTitle "GM"]
[WhiteElo "2689"]
[BlackElo "2641"]
[WhiteFideId "10601457"]
[BlackFideId "13502956"]
[EventDate "2017.12.26"]

1. e4 c5 2. Nf3 Nc6 3. Bb5 Nf6 4. Nc3 Qc7 5. O-O Nd4 6. Re1 a6 7. e5 Nxb5 8.
exf6 Nxc3 9. fxg7 Bxg7 10. dxc3 d6 11. Qd3 h6 12. Nh4 Be5 13. f4 Bf6 14. Nf5
Bxf5 15. Qxf5 Kd8 16. Be3 Qd7 17. Qh5 Rh7 18. Rad1 Kc7 19. Bxc5 Qb5 20. Rd5 Qxb2
21. Bd4 Bxd4+ 22. Rxd4 e6 23. Rc4+ Kd7 24. Rb4 Qxc3 25. Rxb7+ Kc6 26. Reb1 Qc5+
27. Qxc5+ Kxc5 28. Rc7+ Kd5 29. Rd1+ Ke4 30. Rc4+ Kf5 31. Rxd6 Rhh8 32. Rd7 Kf6
33. Rcc7 Rhf8 34. Kf2 Rab8 35. Ke3 Rb5 36. a4 Ra5 37. Rd4 Rg8 38. Kf3 h5 39. g3
Rb8 40. h3 Kg6 41. g4 hxg4+ 42. hxg4 Rh8 43. Kg3 Rh1 44. Kg2 Rh8 45. Rc6 Kg7 46.
Rc7 Kg6 47. c3 Rb8 48. Kf3 Rh8 49. Ke2 Rh2+ 50. Kd3 Rg2 51. Rdd7 Rxg4 52. Rxf7
Rg3+ 53. Kd4 Rf3 54. Ke4 Rxc3 55. Rg7+ Kh6 56. Rh7+ Kg6 57. Rhg7+ Kh6 58. Rh7+
Kg6 59. Rxc3 Kxh7 60. Rc4 Kg6 61. Rb4 Kf6 62. Rc4 Ke7 63. Kd3 Rd5+ 64. Rd4 Rc5
65. Rc4 Rf5 66. Rd4 Kf6 67. Kc4 Ke7 68. Kb4 a5+ 69. Kc4 Kf6 70. Kd3 Ke7 71. Ke4 1/2-1/2

[Event "World Rapid 2017"]
[Site "Riyadh KSA"]
[Date "2017.12.27"]
[Round "8.26"]
[White "Bacrot, Etienne"]
[Black "Adhiban, Baskaran"]
[Result "0-1"]
[WhiteTitle "GM"]
[BlackTitle "GM"]
[WhiteElo "2725"]
[BlackElo "2655"]
[WhiteFideId "605506"]
[BlackFideId "5018471"]
[EventDate "2017.12.26"]

1. e4 c5 2. Nf3 d6 3. d4 cxd4 4. Nxd4 Nf6 5. Nc3 g6 6. Be3 Bg7 7. f3 a6 8. Qd2
Nbd7 9. a4 Ne5 10. Be2 Bd7 11. a5 Rc8 12. g4 Nc4 13. Bxc4 Rxc4 14. g5 Nh5 15.
Nd5 O-O 16. Nb6 Rc7 17. O-O-O Be6 18. Kb1 Qe8 19. Qb4 Bh3 20. Qa3 Rc5 21. Rhe1
f6 22. gxf6 Nxf6 23. Ne2 Rc6 24. Nf4 Bd7 25. h4 Kh8 26. Qb3 Qf7 27. Qxf7 Rxf7
28. e5 dxe5 29. Nxd7 Nxd7 30. Rxd7 exf4 31. Bf2 Bf6 32. Rxb7 Rf8 33. Rb6 Rfc8
34. c3 Kg7 35. Re6 Rxe6 36. Rxe6 Ra8 37. Kc2 h6 38. b4 g5 39. h5 Kf7 40. Rc6 g4
41. fxg4 Rg8 42. Rxa6 Rxg4 43. Kd3 Rg2 44. Bc5 f3 45. Rxf6+ Kxf6 46. a6 Ra2 47.
b5 Ke6 48. Ke4 Ra5 49. a7 Kd7 50. Kxf3 Kc8 51. Ke4 Kb7 52. c4 Ra4 53. Kd5 e6+
54. Kd4 Ra2 55. Kd3 Rh2 56. Be3 Rxh5 57. b6 Ra5 58. c5 h5 59. Ke4 h4 60. Kf3 h3
61. Kf2 e5 62. Kg1 Ra3 63. Bh6 Rc3 64. Bf8 Rc2 65. Bd6 e4 66. Kf1 e3 67. Ke1
Rxc5 0-1

[Event "World Rapid 2017"]
[Site "Riyadh KSA"]
[Date "2017.12.27"]
[Round "8.27"]
[White "Fedorchuk, Sergey A."]
[Black "Salem, A.R. Saleh"]
[Result "1/2-1/2"]
[WhiteTitle "GM"]
[BlackTitle "GM"]
[WhiteElo "2648"]
[BlackElo "2638"]
[WhiteFideId "14102536"]
[BlackFideId "9301348"]
[EventDate "2017.12.26"]

1. e4 c5 2. Nf3 d6 3. d4 cxd4 4. Qxd4 Nf6 5. Bb5+ Nbd7 6. c4 g6 7. Nc3 Bg7 8.
Bxd7+ Bxd7 9. h3 O-O 10. Qd3 a6 11. a4 Qc7 12. Bg5 Rac8 13. Nd2 Be6 14. b3 Qa5
15. Bxf6 Bxf6 16. Rc1 b5 17. axb5 axb5 18. O-O bxc4 19. Nxc4 Bxc4 20. bxc4 Bxc3
21. Rxc3 Rc5 22. Rb3 Rc7 23. Rfb1 Qa6 24. Rb5 Rfc8 25. R1b4 Qa1+ 26. Kh2 Qa2 27.
Rb2 Qxc4 28. Qxc4 Rxc4 29. e5 dxe5 30. Rxe5 e6 31. g3 Rd4 32. h4 Kg7 33. Kg2 Rc7
34. Reb5 Rdd7 35. h5 Kf6 36. R2b3 Rc2 37. hxg6 hxg6 38. Rb7 Rxb7 39. Rxb7 g5 40.
g4 Rd2 41. Kg3 Rd6 42. Ra7 e5 43. f3 Ke6 44. Kf2 f6 45. Ke3 Rb6 46. Ra8 Rb3+ 47.
Ke4 Rb4+ 48. Ke3 Rf4 49. Ra6+ Kd7 50. Ra7+ Ke6 51. Ra6+ Kf7 52. Ra7+ Kg6 53. Ra6
Rd4 54. Ra7 Rb4 55. Rc7 Rf4 56. Rc6 Kf7 57. Rc7+ Ke6 58. Rc6+ Ke7 59. Rc7+ Kd6
60. Ra7 e4 61. Ra6+ Ke7 62. Ra7+ Ke6 63. Ra6+ Kf7 64. Ra7+ Kg6 65. fxe4 Rxg4 66.
Ra6 Kf7 67. Ra7+ Ke8 68. Ra8+ Kd7 69. Ra7+ Kd8 70. Ra8+ Kc7 71. Ra7+ Kb6 72. Rg7
Rg1 73. Rg6 Re1+ 74. Kd3 Rf1 75. e5 Kc7 76. exf6 Kd7 77. Ke4 Ke6 78. Rxg5 Rxf6 1/2-1/2

[Event "World Rapid 2017"]
[Site "Riyadh KSA"]
[Date "2017.12.27"]
[Round "8.28"]
[White "Artemiev, Vladislav"]
[Black "Mchedlishvili, Mikheil"]
[Result "1-0"]
[WhiteTitle "GM"]
[BlackTitle "GM"]
[WhiteElo "2691"]
[BlackElo "2603"]
[WhiteFideId "24101605"]
[BlackFideId "13600966"]
[EventDate "2017.12.26"]

1. e4 d6 2. d4 Nf6 3. Nc3 g6 4. Nf3 Bg7 5. Be3 c6 6. a4 O-O 7. h3 Nbd7 8. a5 e5
9. dxe5 dxe5 10. Qd6 Ne8 11. Qa3 Bf6 12. Rd1 Qe7 13. Qa2 Nc5 14. Bc4 Nc7 15. Qa3
Nd7 16. Qxe7 Bxe7 17. Bh6 Re8 18. Ng5 Bxg5 19. Bxg5 Kg7 20. O-O Nf8 21. Rd6 Be6
22. Be2 Rec8 23. Be3 Nb5 24. Nxb5 cxb5 25. c3 a6 26. Rfd1 Rc6 27. Rxc6 bxc6 28.
c4 bxc4 29. Rc1 Nd7 30. Bxc4 Bxc4 31. Rxc4 c5 32. Rc3 Kf6 33. Bxc5 Nxc5 34. Rxc5
Rb8 35. Rc6+ Ke7 36. Rxa6 Rxb2 37. Rc6 Re2 38. f3 h5 39. a6 Ra2 40. Rc7+ Ke6 41.
a7 h4 42. Kf1 f5 43. Ke1 fxe4 44. fxe4 Kd6 45. Rg7 Kc5 46. Rd7 Kc4 47. Kf1 Kc3
48. Kg1 Kc4 49. Kh2 Ra1 50. Rd5 Rxa7 51. Rxe5 Kd4 52. Rg5 Kxe4 53. Rxg6 Kf5 54.
Rg4 Rh7 55. Kg1 Rh8 56. Kf2 Rh7 57. Kf3 Rh8 58. Ra4 Kg5 59. Ra5+ Kf6 60. Kf4 Rb8
61. Ra6+ Kf7 62. Ra7+ Kf6 63. Ra6+ Kf7 64. Ra4 Kf6 65. Kf3 Rb3+ 66. Kf4 Rg3 67.
Ra2 Kf7 68. Kf5 Kg7 69. Ra7+ Kf8 70. Kf6 Kg8 71. Ra2 Kh7 72. Ra4 Rg6+ 73. Kf7
Rg7+ 74. Kf6 Rg6+ 75. Kf5 Rh6 76. Ra7+ Kg8 77. Ke4 1-0

[Event "World Rapid 2017"]
[Site "Riyadh KSA"]
[Date "2017.12.27"]
[Round "8.29"]
[White "Anton Guijarro, David"]
[Black "Laznicka, Viktor"]
[Result "0-1"]
[WhiteTitle "GM"]
[BlackTitle "GM"]
[WhiteElo "2666"]
[BlackElo "2647"]
[WhiteFideId "2285525"]
[BlackFideId "316385"]
[EventDate "2017.12.26"]

1. Nf3 d5 2. b3 Bg4 3. Bb2 Bxf3 4. exf3 Nf6 5. g3 g6 6. Bg2 Bg7 7. O-O O-O 8. f4
e6 9. d4 c5 10. dxc5 Nc6 11. a3 a5 12. c4 dxc4 13. bxc4 a4 14. Nd2 Qa5 15. Bxf6
Bxf6 16. Ne4 Bxa1 17. Qxa1 Rfd8 18. Nf6+ Kf8 19. Nxh7+ Kg8 20. Nf6+ Kf8 21. Ne4
Nd4 22. h4 Kg8 23. Kh2 Qc7 24. Qb2 Rab8 25. Rd1 e5 26. Rd3 Kg7 27. Nd6 Qxc5 28.
Nxb7 Qxc4 29. Rc3 Qa6 30. Rc7 Qf6 31. fxe5 Qxe5 32. Qc3 Rh8 33. Qc4 Rxh4+ 34.
Bh3 Nf3+ 0-1

[Event "World Rapid 2017"]
[Site "Riyadh KSA"]
[Date "2017.12.27"]
[Round "8.31"]
[White "Potkin, Vladimir"]
[Black "Kryvoruchko, Yuriy"]
[Result "1-0"]
[WhiteTitle "GM"]
[BlackTitle "GM"]
[WhiteElo "2574"]
[BlackElo "2689"]
[WhiteFideId "4131061"]
[BlackFideId "14109182"]
[EventDate "2017.12.26"]

1. d4 Nf6 2. c4 e6 3. Nf3 Bb4+ 4. Nbd2 O-O 5. a3 Be7 6. e4 d6 7. Be2 Nbd7 8. Qc2
e5 9. Nb1 c6 10. Nc3 exd4 11. Nxd4 d5 12. exd5 cxd5 13. cxd5 Nb6 14. O-O Nbxd5
15. Nxd5 Qxd5 16. Rd1 Bg4 17. Bxg4 Nxg4 18. h3 Nf6 19. Nf5 Qe6 20. Bf4 Rfc8 21.
Nxe7+ Qxe7 22. Qb3 b6 23. Re1 Qb7 24. Be5 Nd7 25. Bxg7 Kxg7 26. Re7 Rf8 27. Rd1
Rad8 28. Qg3+ Kh8 29. Qc3+ Kg8 30. Rd3 f6 31. Qc4+ Kh8 32. Qh4 1-0

[Event "World Rapid 2017"]
[Site "Riyadh KSA"]
[Date "2017.12.27"]
[Round "8.32"]
[White "Ponomariov, Ruslan"]
[Black "Miton, Kamil"]
[Result "1/2-1/2"]
[WhiteTitle "GM"]
[BlackTitle "GM"]
[WhiteElo "2694"]
[BlackElo "2584"]
[WhiteFideId "14103320"]
[BlackFideId "1111914"]
[EventDate "2017.12.26"]

1. e4 e6 2. d4 d5 3. Nc3 dxe4 4. Nxe4 Bd7 5. Nf3 Bc6 6. Bd3 Nd7 7. c3 Bxe4 8.
Bxe4 c6 9. Qe2 Ngf6 10. Bc2 Bd6 11. Bg5 Qc7 12. g3 O-O 13. O-O h6 14. Bd2 c5 15.
Rad1 Rfe8 16. Rfe1 a6 17. dxc5 Bxc5 18. Bf4 e5 19. Bc1 Ng4 20. Rf1 Ndf6 21. Nd2
e4 22. Nc4 b5 23. Ne3 Bxe3 24. Bxe3 Nxe3 25. Qxe3 Red8 26. Bxe4 Rxd1 27. Rxd1
Re8 28. Rd4 a5 29. Qd3 b4 30. Bf3 bxc3 31. bxc3 Rc8 32. Kg2 Qc5 33. c4 g6 34.
Rf4 Qe5 35. Qd4 Qxd4 36. Rxd4 Kf8 37. Kf1 Ke7 38. Ke2 Nd7 39. Ke3 Rb8 40. Rd2
Rb4 41. Kd4 Kd6 42. Bd5 f6 43. Kc3 Kc7 44. f4 Nc5 45. Re2 Ra4 46. Bf7 g5 47.
fxg5 fxg5 48. Bd5 Kd6 49. Kd4 Ra3 50. Rd2 h5 51. Bf7 h4 52. gxh4 gxh4 53. Bg6
Rf3 54. Bh5 Ra3 55. Bg4 a4 56. Bf5 Rf3 57. Bd3 Ne6+ 58. Ke4 Ng5+ 59. Kd4 Ne6+
60. Ke4 Ng5+ 61. Kd4 Ne6+ 1/2-1/2